MDQL
is popping MORE tags! Check the
thread
!
Quizzes
Events
Quiz Creation
Community
Videos
Private Events
Remove Ads
Sign In
Join for FREE
Feedback
Dark Mode
Quiz Categories
Sports
Geography
Music
Movies
Television
Just For Fun
Miscellaneous
History
Literature
Language
Science
Gaming
Entertainment
Religion
Holiday
For Kids
Quiz Lab
Recent
Popular Today
Quiz Kudos Today
Editor Picks
Curator Picks
Quizzes by...
Day
Popularity
Type
Ratings
Length
Year
Community
Subscriptions
Recent Discussions
Orange Saloon
Badges
Playlists
Quests
Create
Leaderboards
Showdown
Live 5
Trivia Bingo
Activity
Puzzle Library
Sporcle Events
Private Events
Virtual Trivia
Globe League
Become a Host
Pub Owners
SporcleCon
Opinionation
Our Games
Videos
Blog
Mobile Apps
Partnerships
Remove Ads and Go Orange
Feedback
Geography
Country
Landmarks
City
State
Population
World
Capital
Continent
Flags
Europe
Africa
Asia
South America
North America
Oceania
Border
Canada
United Kingdom
Topography
United States
Geography
Country
Landmarks
City
State
Population
World
Capital
Continent
Flags
Europe
Africa
Asia
South America
North America
Oceania
Border
Canada
United Kingdom
Topography
United States
Random Quiz
Search Sporcle
×
Quiz Lab
Quiz Lab
Geography
World
Type in answers that appear in a list
Type in answers that appear in a list
Classic
Best Score? Go Orange.
Cities with World Cup Quality Stadiums Stats
Can you name the cities with World Cup quality stadiums? (see notes)
By
jonesjeffum
10m
78 Questions
224 Plays
224 Plays
224 Plays
Comments
Comments
Give Quiz Kudos
Give Quiz Kudos
-
- Ratings
hide this ad
More Info
Replay
Link that replays current quiz
Next Quiz
Link to next quiz in quiz playlist
You Got
0%
They Got
Avg Score
48%
Avg Friend Score
Upgrade to see
Score Distribution
Jump to the score distribution portion of the page
Score
0/78
Timer
10:00
0
Plays Today
Seats
City
% Correct
90,000
London
96%
81,338
Paris
89.3%
40,500
Barcelona
88.4%
85,454
Madrid
87.9%
67,812
Munich
87.1%
76,098
Manchester
86.6%
44,929
Moscow
85.3%
78,838
Rio de Janeiro
84.4%
80,074
Milan
83.9%
46,116
São Paulo
77.7%
65,647
Lisbon
76.8%
45,000
Liverpool
76.8%
50,000
Dublin
75.4%
60,506
Glasgow
74.6%
79,923
Mexico City
74.1%
67,354
Marseille
73.7%
52,960
Amsterdam
73.7%
66,806
Seoul
71.4%
43,051
Lyon
70.5%
47,000
Hamburg
69.6%
83,500
Sydney
68.3%
52,399
Porto
68.3%
94,736
Johannesburg
67.9%
43,275
Birmingham
66.5%
41,254
Turin
65.2%
58,145
Warsaw
64.7%
51,060
Stockholm
64.3%
52,647
Istanbul
64.3%
53,675
Dortmund
62.9%
53,371
Melbourne
62.9%
55,000
Cape Town
62.9%
43,000
Frankfurt
60.7%
70,064
Brasilia
60.3%
67,500
Edinburgh
57.1%
52,387
Newcastle
55.8%
51,180
Rotterdam
54%
74,500
Cardiff
52.7%
62,170
Belo Horizonte
50.9%
46,134
Cologne
50.9%
Seats
City
% Correct
55,600
Bucharest
49.6%
49 441
Stuttgart
49.1%
42,374
Manaus
47.3%
80,000
Dallas
44.6%
52,579
Brisbane
43.3%
71,054
Houston
42%
56,500
Salvador
41.5%
54,600
Düsseldorf
41.5%
50,186
Lille
41.5%
55,538
Porto Alegre
40.6%
46,154
Recife
39.3%
67,037
Fortaleza
37.5%
63,163
Guadalajara
36.2%
44,813
Gelsenkirchen
35.3%
54 320
Vancouver
34.8%
49,000
Sunderland
31.3%
44,345
Leipzig
30.4%
43,981
Curitiba
30.4%
52,518
Donetsk
29%
48,459
Port Elizabeth
27.2%
63,400
Phoenix
25.9%
48,000
Bloemfontein
23.7%
42,086
Natal
21%
42,105
Gdansk
20.1%
43,090
Poznan
17.9%
45,105
Kazan
17.4%
44,336
Cuiaba
17%
42,771
Wroclaw
16.5%
41,810
Lens
15.2%
70,000
Indianapolis
11.2%
45,000
Nagoya
10.3%
40,929
Nelspruit
5.8%
60,000
Jeddah
5.4%
44,474
Ulsan
3.6%
47,913
Barquisimeto
1.8%
52,000
Maturin
1.3%
42,477
Jeonju
1.3%
42,059
Konya
1.3%
41,800
Kashima
1.3%
Quiz Playlist
Details
Report
Send in Message
Add To Playlist
More Info:
Stadium must have at least 40,000 seats, all covered but open air, and no track (just like all stadiums in the 2014 World Cup)
Classic:
Type in answers that appear in a list
Quiz Source
Last Updated: Feb 16, 2017
Quiz Scoreboard
CHALLENGE
Sign Up to Join the Scoreboard
Show All
Scores
Hide
Comments
May contain spoilers
Recently Published
Find the 'City' Movie
by crazypaving
Movies
60s
5x2 Blitz: Bands
by SL_Kpop136
Music
30s
Colored Red Africa Blitz
by spor1
Geography
30s
More to Explore
Quiz From the Vault
Featured Blog Post
14 Easter Pick-up Lines to Find Eggs With
hide this ad
You Might Also Like...
Tags
City Quiz
World Quiz
cup
note
Quality
seat
Today's Top Quizzes in Geography
Browse Geography
hide this ad
Today's Top Quizzes in World
Browse World
Top Contributed Quizzes in Geography
1
Colored Red Europe Blitz I
2
Countries of the World - No Outlines Minefield
3
Colored Red Africa Blitz II
4
Colored Red Europe Blitz II
5
Colored Red Europe Blitz III
6
Colored Red Africa Blitz III
7
Colored Red States Blitz I
8
Colored Red States Blitz II
9
Lietuvos savivaldybės (Lithuanian Municipalities)
10
A Different View: World Oceans
Explore More
Trending Topics
Disney
NBA
Kpop
Harry Potter
Marvel
Crossword
Anime
Soccer
NFL
Pokémon
The Office
Country
WWE
Song
Puzzle
hide this ad
More By:
jonesjeffum
Quiz
Plays
Rating
Category
Featured
Created
NBA Players by Face
1,637,512
4.55
Sports
Feb 17, 2011
NBA Playoffs Statistical Leaders
405,295
4.54
Sports
Apr 16, 2010
City by Landmark Photo
375,325
4.08
Geography
May 5, 2010
Sports Logo Silhouettes
303,582
4.19
Sports
Jan 24, 2013
Sightseeing in North America
275,407
3.76
Geography
May 3, 2010
Go to Creator's Profile
Score Distribution
Quiz Creator Spotlight
jonesjeffum
Follow
Send a Message
Quizzes Created
-
Created Quiz Play Count
-
More By This Creator
Popular Quizzes Today
1
Colored Red Africa Blitz
2
Find the 'City' Movie
3
Find the US States - No Outlines Minefield
4
5x2 Blitz: Bands
5
The Countries of the World
6
Find the US States
7
US States
8
Find the Countries of Europe - No Outlines Minefield
More Geography Quizzes
Quick Pick: Flags of Former Yugoslavian Countries
Quiz Lab
Trending Quizzes
Colored Red Europe Blitz I
Colored Red Africa Blitz II
Colored Red Europe Blitz II
Colored Red Europe Blitz III
Colored Red Africa Blitz III
Recently Updated
How Do You Spell That?
pecheneg
Godzilla Movies
pecheneg
Grab Bag: 4-10 Letters
pecheneg
2024 March Madness Bracket
pecheneg
Famous TV Couples
Peacemaker
Champions League XIs: Real Madrid
pecheneg
Largest US Cities 1790-2010
pecheneg
Rides in Walt Disney World
pecheneg
Most Oscar Losses (Acting)
pecheneg
Beyoncé Albums
pecheneg
Trending Topics
Anime
Crossword
Kpop
Marvel
NBA
Harry Potter
Disney
The Office
Song
Soccer
NFL
WWE
Puzzle
Pokémon
Country
Your Account Isn't Verified!
In order to create a playlist on Sporcle, you need to verify the email address you used during registration. Go to your
Sporcle Settings
to finish the process.
Report this User
Report this user for behavior that violates our
Community Guidelines
.
Details:
Send Report
Go to the Sporcle.com Mobile Site →
Comments